01562nam a22003377a 4500003000400000005001700004008004100021040002200062082001800084100003000102245003000132260006000162300002100222366000800243490002700251505006300278505017100341505001200512650006000524650005200584650005300636650004300689650004500732650005600777650004700833700003600880942002900916999001500945952013200960952013201092OSt20230622123559.0221006b |||||||| |||| 00| 0 eng d cBiblioteca Lado V a709.05bG851a 9855aGriffin, Timeeditor aArtforum/bInternacional/ aNew Yorkc2015bNew York editorial and business offices c26.5x27cma280p. eeng aAbrilv2015x0864-1315 tCOLUMNSaFILM BOOKS LETTER FROM CENTRAL AMERICA TOP TEN tFEATURESaTHE SMART LANDSCAPE WOMEN ON THE VERGE TAKEN LIBERTIES THE INNOCENCE OF THE IMAGE 1000 WORDS: ANRI SALA CLOSE UP: FLOATING WORLD OPENINGS: OLGA BALEMA tREVIEWS 2Tesauro de Arte & ArquitecturaaARTE COMTEMPORANEO9703 2Tesauro de Arte & ArquitecturaaFOTOGRAFIA9702 2Tesauro de Arte & ArquitecturaaARTE VISUAL9702 2Tesauro de Arte & ArquitecturaaLIBROS 2Tesauro de Arte & ArquitecturaaNOTICIAS 2 Tesauro de Arte & ArquitecturaaARTE INTERNACIONAL 2 Tesauro de Arte & ArquitecturaaESCULTURA aNavarreta, Jose Antonioeeditor 2ddcc1h709.05iG851an0 c3914d3914 00102ddc3201540708RevistasaLVbLVd2023-06-22hAbrili002893l0o709.05 G851ap002893r2023-06-22 00:00:00w2023-06-22y1 00102ddc3201540708RevistasaLVbLVd2023-06-22hAbrili002924l0o709.05 G851ap002924r2023-06-22 00:00:00w2023-06-22y1